| 000 | 00000cam 2200000zi 4500 |
| 001 | 9.962723 |
| 003 | CaOODSP |
| 005 | 20260512103049 |
| 006 | m o d f |
| 007 | cr mn||||||||| |
| 008 | 260512t19981998nkcab ob f000 0 eng d |
| 040 | |aCaOODSP|beng|erda|cCaOODSP |
| 043 | |an-cnm--|aln----- |
| 045 | |ax9x9 |
| 086 | 1 |aFs97-4/2442E-PDF|zFs97-4/2442E |
| 100 | 1 |aHurlbut, Thomas, |eauthor. |
| 245 | 10|aResults of the 1996 end of season survey of groundfish fishers from the southern Gulf of St. Lawrence / |cThomas Hurlbut. |
| 264 | 1|aMoncton, N.B. : |bDepartment of Fisheries and Oceans, Science Branch, Maritimes Region, Gulf Fisheries Center, |c1998. |
| 264 | 4|c©1998 |
| 300 | |a1 online resource (vi, 58 pages) : |billustrations, maps. |
| 336 | |atext|btxt|2rdacontent |
| 337 | |acomputer|bc|2rdamedia |
| 338 | |aonline resource|bcr|2rdacarrier |
| 490 | 1 |aCanadian manuscript report of fisheries and aquatic sciences, |y0706-6473 ; |vno. 2442E |
| 500 | |aDigitized edition from print [produced by Department of Fisheries and Oceans]. |
| 504 | |aIncludes bibliographical references. |
| 520 | |a"The current closure of many groundfish fisheries throughout Atlantic Canada was precipitated by substantial declines, over the past 8 to 10 years, in the catch of groundfish, particularly in the inshore fishery. This has obviously been a major concern for the people involved in this sector of the fishery and for the Department of Fisheries and Oceans (D.F.O.). Attempts to understand the reasons for this decline have been hampered, to a certain extent, by a lack of information from the perspective of the actual participants in the fishery. The information that is lacking includes perceptions of stock abundance and environmental conditions, the impact of seals, dogfish, markets, fishery management actions, etc. To obtain this information, public meetings with the groundfish industry and D.F.O. biologists have become commonplace since the moratoria. Unfortunately though, the attendance at these meetings has been highly variable. Consequently, a telephone survey was conducted of participants in the 1995 southern Gulf groundfish fishery, in order to document the views and opinions of a random sample of active fishermen (Hurlbut 1997). A similar survey was conducted of fishers that were active in the 1996 southern Gulf groundfish fishery. This document reports the results of this survey"--Introduction, page 2. |
| 650 | 0|aGroundfish fisheries|zSaint Lawrence, Gulf of|xPublic opinion. |
| 650 | 0|aPublic opinion|zMaritime Provinces. |
| 650 | 0|aFishers|zMaritime Provinces|xAttitudes. |
| 650 | 6|aPoissons de fond|xPêche commerciale|zSaint-Laurent, Golfe du|xOpinion publique. |
| 650 | 6|aOpinion publique|zProvinces maritimes. |
| 650 | 6|aPêcheurs|zProvinces maritimes|xAttitudes. |
| 710 | 1 |aCanada. |bDepartment of Fisheries and Oceans, |eissuing body. |
| 710 | 2 |aGulf Fisheries Centre (Canada), |eissuing body. |
| 830 | #0|aCanadian manuscript report of fisheries and aquatic sciences ;|vno. 2442E.|w(CaOODSP)9.505211 |
| 856 | 40|qPDF|s1.70 MB|uhttps://publications.gc.ca/collections/collection_2026/mpo-dfo/fs97-4/Fs97-4-2442-eng.pdf |